[Event "LSS No Engine Cup 40 Preliminary 2"]
[Site "LSS email"]
[Date "2011.04.01"]
[Round "?"]
[White "Leon, Fernando"]
[Black "Molina, Vicente Andres"]
[Result "1-0"]
[WhiteElo "1124"]
[BlackElo "830"]
[PlyCount "43"]
[EventDate "2011.04.02"]
[EventType "tourn (corr)"]
[EventRounds "6"]
[EventCountry "GER"]
[SourceTitle "Telechess CBM 147"]
[Source "ChessBase"]
[SourceDate "2012.03.16"]
[SourceVersion "1"]
[SourceVersionDate "2012.03.16"]
[SourceQuality "1"]

1. e4 c5 2. f4 d6 3. Nf3 Nc6 4. Bb5 a6 5. Bxc6+ bxc6 6. 0-0 Nf6 7. d3 e6 8. Nc3 Be7 9. Ne2 0-0 10. h3 h6 11. g4 Rb8 12. Ng3 a5 13. Be3 Rxb2 14. g5 hxg5 15. Nxg5 Qb6 16. Nh5 Nxh5 17. Qxh5 Bxg5 18. fxg5 e5 19. g6 fxg6 20. Rxf8+ Kxf8 21. Qh8+ Kf7 22. Rf1+ 1-0

[Event "LSS No Engine Cup 39 Preliminary 7"]
[Site "LSS email"]
[Date "2011.03.15"]
[Round "?"]
[White "Leon, Fernando"]
[Black "Morcin, Tom"]
[Result "0-1"]
[WhiteElo "1169"]
[BlackElo "1950"]
[PlyCount "30"]
[EventDate "2011.03.16"]
[EventType "tourn (corr)"]
[EventRounds "6"]
[EventCountry "GER"]
[SourceTitle "Corr 2015"]
[Source "ChessBase"]
[SourceDate "2015.07.17"]
[SourceVersion "1"]
[SourceVersionDate "2015.07.17"]
[SourceQuality "1"]

1. e4 e5 2. f4 exf4 3. Nf3 g5 4. h4 g4 5. Ne5 Nf6 6. Nxg4 Nxe4 7. Qe2 Qe7 8. d3 Ng3 9. Qxe7+ Bxe7 10. Rh2 d5 11. Ne5 Bd6 12. Bxf4 Nxf1 13. Kxf1 f6 14. g3 fxe5 15. Re2 0-0 0-1

[Event "LSS No Engine Cup 39 Preliminary 7"]
[Site "LSS email"]
[Date "2011.03.15"]
[Round "?"]
[White "Leon, Fernando"]
[Black "Pech, Jaroslav Jr"]
[Result "0-1"]
[WhiteElo "1169"]
[BlackElo "1429"]
[PlyCount "34"]
[EventDate "2011.03.16"]
[EventType "tourn (corr)"]
[EventRounds "6"]
[EventCountry "GER"]
[SourceTitle "Corr 2015"]
[Source "ChessBase"]
[SourceDate "2015.07.17"]
[SourceVersion "1"]
[SourceVersionDate "2015.07.17"]
[SourceQuality "1"]

1. e4 e6 2. f4 d5 3. exd5 exd5 4. Nf3 Nc6 5. Bb5 Qe7+ 6. Qe2 Qxe2+ 7. Kxe2 Bd6 8. d4 Nge7 9. Re1 0-0 10. Kf1 Bg4 11. Ne5 Nxd4 12. Bd3 Bf5 13. Bxf5 Nexf5 14. Re2 Nxe2 15. Kxe2 Rfe8 16. g4 Bxe5 17. Kf1 Ne3+ 0-1

[Event "CP-2010-P-00024"]
[Site "LSS email"]
[Date "2010.09.28"]
[Round "?"]
[White "Pintonello, Gilberto"]
[Black "Leon, Fernando"]
[Result "1-0"]
[WhiteElo "2013"]
[BlackElo "1248"]
[PlyCount "37"]
[EventDate "2010.10.01"]
[EventType "tourn (corr)"]
[EventRounds "6"]
[EventCountry "GER"]
[SourceTitle "Telechess CBM 143"]
[Source "ChessBase"]
[SourceDate "2011.07.15"]
[SourceVersion "1"]
[SourceVersionDate "2011.07.15"]
[SourceQuality "1"]

1. d4 f5 2. g3 Nf6 3. Bg2 e6 4. c4 Bb4+ 5. Nc3 0-0 6. Nh3 d6 7. 0-0 Bxc3 8. bxc3 Bd7 9. Bxb7 Bc6 10. Bxa8 Bxa8 11. Bg5 Nbd7 12. Qa4 h6 13. Bxf6 Nxf6 14. f3 Nd7 15. Rab1 Nb6 16. Qxa7 Nxc4 17. Nf4 Qc8 18. Ng6 Rf7 19. Rb8 1-0

[Event "LSS No Engine Cup 28 Preliminary 6"]
[Site "LSS email"]
[Date "2010.09.19"]
[Round "?"]
[White "Garcia, Sergio"]
[Black "Leon, Fernando"]
[Result "0-1"]
[WhiteElo "643"]
[BlackElo "1218"]
[PlyCount "42"]
[EventDate "2010.09.20"]
[EventType "tourn (corr)"]
[EventRounds "6"]
[EventCountry "GER"]
[SourceTitle "Telechess CBM 143"]
[Source "ChessBase"]
[SourceDate "2011.07.15"]
[SourceVersion "1"]
[SourceVersionDate "2011.07.15"]
[SourceQuality "1"]

1. e4 c5 2. Nf3 d6 3. d4 cxd4 4. Nxd4 Nf6 5. Nc3 g6 6. Bc4 Bg7 7. Be3 0-0 8. 0-0 Nc6 9. a3 Bd7 10. Qd2 Rc8 11. Bd3 Ne5 12. f4 Nc4 13. Bxc4 Rxc4 14. b3 Rc8 15. f5 a6 16. Bh6 Bxh6 17. Qxh6 Rxc3 18. fxg6 fxg6 19. Nf3 Qb6+ 20. Rf2 Ng4 21. Qg5 Qxf2+ 0-1

[Event "LSS No Engine Cup 28 Preliminary 6"]
[Site "LSS email"]
[Date "2010.09.19"]
[Round "?"]
[White "Tortosa, Horacio"]
[Black "Leon, Fernando"]
[Result "1-0"]
[WhiteElo "1897"]
[BlackElo "1181"]
[PlyCount "41"]
[EventDate "2010.09.20"]
[EventType "tourn (corr)"]
[EventRounds "6"]
[EventCountry "GER"]
[SourceTitle "Telechess CBM 143"]
[Source "ChessBase"]
[SourceDate "2011.07.15"]
[SourceVersion "1"]
[SourceVersionDate "2011.07.15"]
[SourceQuality "1"]

1. e4 c5 2. Nf3 d6 3. d4 cxd4 4. Nxd4 Nf6 5. Nc3 g6 6. Be3 Bg7 7. f3 0-0 8. Qd2 Nc6 9. Bc4 Bd7 10. 0-0-0 Rc8 11. Bb3 a6 12. h4 h5 13. Kb1 Ne5 14. Bg5 Rc5 15. Rhe1 Nc4 16. Bxc4 Rxc4 17. e5 Ne8 18. Nd5 f6 19. exf6 exf6 20. Ne7+ Kh7 21. Qd3 1-0

[Event "OP-2010-0-01250"]
[Site "LSS email"]
[Date "2010.09.02"]
[Round "?"]
[White "Leon, Fernando"]
[Black "Verich, Oleg"]
[Result "0-1"]
[WhiteElo "1232"]
[BlackElo "992"]
[PlyCount "82"]
[EventDate "2010.08.29"]
[EventType "tourn (corr)"]
[EventRounds "4"]
[EventCountry "GER"]
[SourceTitle "Telechess CBM 143"]
[Source "ChessBase"]
[SourceDate "2011.07.15"]
[SourceVersion "1"]
[SourceVersionDate "2011.07.15"]
[SourceQuality "1"]

1. e4 d6 2. f4 Nf6 3. Nc3 Bg4 4. Be2 Bxe2 5. Ngxe2 c6 6. d4 Nbd7 7. 0-0 e5 8. fxe5 dxe5 9. dxe5 Nxe5 10. Qxd8+ Rxd8 11. Bg5 Be7 12. Rad1 0-0 13. Ng3 h6 14. Be3 b6 15. a3 Nfg4 16. Bc1 Bc5+ 17. Kh1 Nf2+ 18. Rxf2 Bxf2 19. Nf5 Rxd1+ 20. Nxd1 Be1 21. Nde3 Rd8 22. h3 Bd2 23. Bxd2 Rxd2 24. Kg1 Kh7 25. Kf1 g6 26. Ng3 Rd7 27. Ke2 b5 28. b3 a5 29. Nh1 f6 30. Nf2 h5 31. g4 hxg4 32. hxg4 Kh6 33. c4 bxc4 34. bxc4 Rd4 35. c5 Ra4 36. Nc2 Nc4 37. Nd3 Ne5 38. Nf2 Kg5 39. Kd2 Nxg4 40. Nxg4 Kxg4 41. Kd3 Kf4 0-1

[Event "LSS No Engine Cup 25 Preliminary 5"]
[Site "LSS email"]
[Date "2010.07.22"]
[Round "?"]
[White "Leon, Fernando"]
[Black "Cabrera Trujillo, Claudio Tomas"]
[Result "1-0"]
[WhiteElo "1257"]
[BlackElo "1058"]
[PlyCount "85"]
[EventDate "2010.07.23"]
[EventType "tourn (corr)"]
[EventRounds "6"]
[EventCountry "GER"]
[SourceTitle "Telechess CBM 143"]
[Source "ChessBase"]
[SourceDate "2011.07.15"]
[SourceVersion "1"]
[SourceVersionDate "2011.07.15"]
[SourceQuality "1"]

1. e4 e5 2. f4 d5 3. exd5 e4 4. Nc3 Nf6 5. Qe2 Qe7 6. d3 exd3 7. Qxe7+ Bxe7 8. Bxd3 0-0 9. Nf3 Re8 10. 0-0 Bc5+ 11. Kh1 Nbd7 12. Bd2 Nb6 13. h3 Nbxd5 14. Rae1 Bd7 15. g4 Nb4 16. Ne5 Nxd3 17. Nxd3 Bc6+ 18. Kh2 Bd4 19. Ne5 Bxc3 20. Bxc3 Nd5 21. Bd4 Nb4 22. c3 Nc2 23. Rd1 Nxd4 24. Rxd4 Bb5 25. Rf2 b6 26. a4 Ba6 27. b4 Rad8 28. Rfd2 Rxd4 29. cxd4 f6 30. Nf3 Re4 31. f5 h5 32. g5 Rf4 33. Kg3 Rxf5 34. h4 Bb7 35. Rd3 Kf7 36. gxf6 Kxf6 37. Ng5 g6 38. Re3 Rd5 39. Rd3 c5 40. bxc5 bxc5 41. Ne4+ Kf5 42. Nxc5 Bc6 43. Rf3# 1-0

[Event "LSS No Engine Cup 25 Preliminary 5"]
[Site "LSS email"]
[Date "2010.07.22"]
[Round "?"]
[White "Leon, Fernando"]
[Black "Jokmin, Guido"]
[Result "1-0"]
[WhiteElo "1258"]
[BlackElo "607"]
[PlyCount "59"]
[EventDate "2010.07.23"]
[EventType "tourn (corr)"]
[EventRounds "6"]
[EventCountry "GER"]
[SourceTitle "Telechess CBM 143"]
[Source "ChessBase"]
[SourceDate "2011.07.15"]
[SourceVersion "1"]
[SourceVersionDate "2011.07.15"]
[SourceQuality "1"]

1. e4 e5 2. f4 exf4 3. Nf3 b6 4. d4 Bb7 5. Bd3 Be7 6. Bxf4 Nf6 7. Nbd2 c5 8. c3 0-0 9. 0-0 cxd4 10. cxd4 d6 11. Qc2 Qd7 12. h3 Na6 13. a3 Nh5 14. Bh2 Nc7 15. Rae1 Qd8 16. e5 a6 17. Bxh7+ Kh8 18. Bf5 Nd5 19. Be4 Rc8 20. Qd1 Bc6 21. exd6 Bxd6 22. Ne5 Nhf6 23. Bf5 Rc7 24. Ne4 g6 25. Nxd6 Kg7 26. Ng4 Ra7 27. Be4 Nxg4 28. Qxg4 Nf6 29. Rxf6 Qxf6 30. Be5 1-0

[Event "LSS No Engine Cup 21 Preliminary 6"]
[Site "LSS email"]
[Date "2010.05.03"]
[Round "?"]
[White "Leon, Fernando"]
[Black "Tjiptadi, Kudus"]
[Result "0-1"]
[WhiteElo "1273"]
[BlackElo "1101"]
[PlyCount "104"]
[EventDate "2010.05.04"]
[EventType "tourn (corr)"]
[EventRounds "6"]
[EventCountry "GER"]
[SourceTitle "Telechess CBM 141"]
[Source "ChessBase"]
[SourceDate "2011.03.17"]
[SourceVersion "1"]
[SourceVersionDate "2011.03.17"]
[SourceQuality "1"]

1. e4 d6 2. f4 g6 3. Nf3 Bg7 4. c3 Bg4 5. d4 Nf6 6. h3 Bxf3 7. Qxf3 c6 8. g4 Qc7 9. f5 Nbd7 10. Bg2 0-0-0 11. 0-0 e5 12. Bg5 h6 13. Bxf6 Bxf6 14. Nd2 exd4 15. cxd4 Bxd4+ 16. Kh1 Ne5 17. Qb3 Qb6 18. fxg6 fxg6 19. Qxb6 axb6 20. Rab1 Rhf8 21. b3 Rf2 22. Rxf2 Bxf2 23. Nf3 Nd3 24. Rd1 Nf4 25. Bf1 Kc7 26. Ng1 Re8 27. Ne2 Rxe4 28. Nxf4 Rxf4 29. Bg2 Bc5 30. Re1 d5 31. Re6 d4 32. Rxg6 d3 33. Rg7+ Kc8 34. Rg8+ Bf8 35. Be4 Rxe4 36. Rxf8+ Kd7 37. Rf3 Rd4 38. Rf1 c5 39. Rd1 b5 40. Kg2 c4 41. bxc4 bxc4 42. Kf3 Kd6 43. Ke3 Kc5 44. a4 Rd6 45. h4 b6 46. g5 hxg5 47. hxg5 Kb4 48. Rg1 c3 49. g6 d2 50. g7 Rd8 51. g8Q Rxg8 52. Rxg8 d1Q 0-1

[Event "LSS BI-2010-P-00007"]
[Site "LSS email"]
[Date "2010.04.19"]
[Round "?"]
[White "Garcia, Sergio"]
[Black "Leon, Fernando"]
[Result "0-1"]
[WhiteElo "637"]
[BlackElo "1179"]
[PlyCount "98"]
[EventDate "2010.04.22"]
[EventType "tourn (corr)"]
[EventRounds "10"]
[EventCountry "GER"]
[SourceTitle "Telechess CBM 147"]
[Source "ChessBase"]
[SourceDate "2012.03.16"]
[SourceVersion "1"]
[SourceVersionDate "2012.03.16"]
[SourceQuality "1"]

1. c4 f5 2. Nc3 Nf6 3. g3 e6 4. Bg2 c6 5. d3 Bb4 6. Bd2 0-0 7. Nf3 d6 8. a3 Bxc3 9. Bxc3 e5 10. 0-0 h6 11. Re1 Be6 12. Bh3 Nbd7 13. e4 g6 14. exf5 Bxf5 15. Bxf5 gxf5 16. Nh4 Nh7 17. Qh5 Qg5 18. Qf3 Rae8 19. b4 f4 20. Ra2 fxg3 21. Qxg3 Rf4 22. Qxg5+ Nxg5 23. Ng2 Nf3+ 24. Kf1 Nxh2+ 25. Ke2 Rg4 26. Ne3 Rg6 27. Rh1 Ng4 28. Nxg4 Rxg4 29. Raa1 Kh7 30. Rag1 Reg8 31. Rxg4 Rxg4 32. Bd2 Rg6 33. f4 exf4 34. Bxf4 Re6+ 35. Kf3 Rf6 36. d4 d5 37. c5 a6 38. a4 Nf8 39. Kg4 Ne6 40. Be5 Rf2 41. Rh2 Rxh2 42. Bxh2 Nxd4 43. b5 axb5 44. axb5 Nxb5 45. Kf5 Nc3 46. Ke6 Ne4 47. Bd6 d4 48. Ke5 d3 49. Kxe4 d2 0-1

[Event "LSS BI-2010-P-00007"]
[Site "LSS email"]
[Date "2010.04.19"]
[Round "?"]
[White "Korchut, Adam"]
[Black "Leon, Fernando"]
[Result "1-0"]
[WhiteElo "2074"]
[BlackElo "1202"]
[PlyCount "47"]
[EventDate "2010.04.22"]
[EventType "tourn (corr)"]
[EventRounds "10"]
[EventCountry "GER"]
[SourceTitle "Telechess CBM 141"]
[Source "ChessBase"]
[SourceDate "2011.03.17"]
[SourceVersion "1"]
[SourceVersionDate "2011.03.17"]
[SourceQuality "1"]

1. e4 c5 2. Nf3 d6 3. d4 cxd4 4. Nxd4 Nf6 5. Nc3 g6 6. Be3 Bg7 7. f3 0-0 8. Bc4 Nc6 9. Bb3 Bd7 10. h4 h5 11. Qd2 Rc8 12. 0-0-0 Ne5 13. Bg5 Rc5 14. Kb1 b5 15. g4 hxg4 16. Bxf6 Bxf6 17. h5 gxh5 18. Qh6 Nc4 19. Nf5 Bxf5 20. exf5 Rxf5 21. Rdg1 Bg7 22. Rxg4 Nd2+ 23. Kc1 Nxb3+ 24. axb3 1-0

[Event "LSS BI-2010-P-00007"]
[Site "LSS email"]
[Date "2010.04.19"]
[Round "?"]
[White "Leon, Fernando"]
[Black "Stepanov, Konstantin Vasiliev"]
[Result "0-1"]
[WhiteElo "1179"]
[BlackElo "2138"]
[PlyCount "44"]
[EventDate "2010.04.22"]
[EventType "tourn (corr)"]
[EventRounds "10"]
[EventCountry "GER"]
[SourceTitle "Corr 2013"]
[Source "ChessBase"]
[SourceDate "2012.11.12"]
[SourceVersion "1"]
[SourceVersionDate "2012.11.12"]
[SourceQuality "1"]

1. e4 c5 2. f4 d5 3. exd5 Nf6 4. c4 e6 5. Nc3 exd5 6. cxd5 Nxd5 7. Nxd5 Qxd5 8. Nf3 Nc6 9. Bb5 Be6 10. 0-0 c4 11. Bxc6+ bxc6 12. Qe2 Bc5+ 13. Kh1 0-0 14. Ne1 Rfe8 15. Qf3 Bf5 16. Qd1 Re7 17. Nf3 Rae8 18. b4 Bd4 19. Nxd4 Qxd4 20. Ba3 Re2 21. Qa4 Qd5 22. Rg1 Qxg2+ 0-1

[Event "LSS No Engine Cup 19 Preliminary 1"]
[Site "LSS email"]
[Date "2010.03.22"]
[Round "?"]
[White "Dante, Romanazzi"]
[Black "Leon, Fernando"]
[Result "0-1"]
[WhiteElo "754"]
[BlackElo "1203"]
[PlyCount "62"]
[EventDate "2010.03.23"]
[EventType "tourn (corr)"]
[EventRounds "6"]
[EventCountry "GER"]
[SourceTitle "Telechess CBM 141"]
[Source "ChessBase"]
[SourceDate "2011.03.17"]
[SourceVersion "1"]
[SourceVersionDate "2011.03.17"]
[SourceQuality "1"]

1. d4 f5 2. e3 Nf6 3. Nc3 e6 4. Bd3 b6 5. f4 Bb7 6. Nf3 Bb4 7. Bd2 0-0 8. 0-0 Be7 9. Be1 d6 10. Bh4 Nbd7 11. a3 Ne4 12. Bxe7 Nxc3 13. bxc3 Qxe7 14. Ng5 h6 15. Nf3 g5 16. Nd2 Qg7 17. Bc4 Rae8 18. Qh5 gxf4 19. Qh3 fxe3 20. Nf3 Kh8 21. Rae1 f4 22. Bd3 e5 23. dxe5 Nxe5 24. Be2 Rg8 25. Nxe5 Qxg2+ 26. Qxg2 Rxg2+ 27. Kh1 Rxe2+ 28. Kg1 Rg2+ 29. Kh1 Rxe5 30. Rxf4 Rg8+ 31. Rf3 Bxf3# 0-1

[Event "LSS No Engine Cup 19 Preliminary 1"]
[Site "LSS email"]
[Date "2010.03.22"]
[Round "?"]
[White "Leon, Fernando"]
[Black "Helmbrecht, John R"]
[Result "1-0"]
[WhiteElo "1273"]
[BlackElo "1706"]
[PlyCount "63"]
[EventDate "2010.03.23"]
[EventType "tourn (corr)"]
[EventRounds "6"]
[EventCountry "GER"]
[SourceTitle "Telechess CBM 141"]
[Source "ChessBase"]
[SourceDate "2011.03.17"]
[SourceVersion "1"]
[SourceVersionDate "2011.03.17"]
[SourceQuality "1"]

1. e4 e5 2. f4 exf4 3. Nf3 d6 4. d4 g5 5. h4 g4 6. Ng1 Bh6 7. Nc3 Nc6 8. Bb5 a6 9. Bxc6+ bxc6 10. Nce2 Qf6 11. Qd3 Ne7 12. Bd2 Ng6 13. g3 fxg3 14. Nxg3 Bxd2+ 15. Qxd2 Nxh4 16. 0-0-0 Be6 17. Rf1 Nf3 18. Nxf3 gxf3 19. Qe3 Bg4 20. Rh6 Qe7 21. Qf4 Be6 22. Rxf3 0-0-0 23. Rh5 Rdg8 24. Ra5 Kb7 25. Rfa3 Ra8 26. Nf5 Bxf5 27. Rxf5 Rhg8 28. Rb3+ Kc8 29. Rxf7 Qe8 30. Qf5+ Kd8 31. Rf3 Rb8 32. Qxh7 1-0

[Event "LSS No Engine Cup 19 Preliminary 1"]
[Site "LSS email"]
[Date "2010.03.22"]
[Round "?"]
[White "Oginski, Krzysztof"]
[Black "Leon, Fernando"]
[Result "0-1"]
[WhiteElo "1793"]
[BlackElo "1179"]
[PlyCount "60"]
[EventDate "2010.03.23"]
[EventType "tourn (corr)"]
[EventRounds "6"]
[EventCountry "GER"]
[SourceTitle "Telechess CBM 147"]
[Source "ChessBase"]
[SourceDate "2012.03.16"]
[SourceVersion "1"]
[SourceVersionDate "2012.03.16"]
[SourceQuality "1"]

1. e4 c5 2. Nf3 d6 3. d4 cxd4 4. Nxd4 Nf6 5. Nc3 g6 6. Be3 Bg7 7. Bb5+ Nbd7 8. Qd2 h5 9. 0-0-0 a6 10. Bd3 Qc7 11. f4 Nc5 12. h3 Nxd3+ 13. Qxd3 Bd7 14. f5 gxf5 15. Nxf5 Bxf5 16. exf5 0-0-0 17. Na4 Qa5 18. Qc4+ Kb8 19. Bb6 Qxf5 20. Bxd8 Rxd8 21. Qxf7 Rc8 22. Qb3 Ne4 23. Rhf1 Qg5+ 24. Kb1 Nd2+ 25. Rxd2 Qxd2 26. Nb6 Qxg2 27. Re1 Qf2 28. Rc1 Re8 29. a3 e5 30. Qd5 Qxb6 0-1

[Event "LSS No Engine Cup 18 Preliminary 4"]
[Site "LSS email"]
[Date "2010.03.05"]
[Round "?"]
[White "Leon, Fernando"]
[Black "Meulemans, Bart"]
[Result "0-1"]
[WhiteElo "1233"]
[BlackElo "2088"]
[PlyCount "28"]
[EventDate "2010.03.06"]
[EventType "tourn (corr)"]
[EventRounds "6"]
[EventCountry "GER"]
[SourceTitle "Corr 2013"]
[Source "ChessBase"]
[SourceDate "2012.11.12"]
[SourceVersion "1"]
[SourceVersionDate "2012.11.12"]
[SourceQuality "1"]

1. e4 e5 2. f4 exf4 3. Nf3 g5 4. h4 g4 5. Ne5 Nf6 6. Bc4 d5 7. exd5 Bd6 8. d4 Nh5 9. Nxg4 Ng3 10. Rg1 Qxh4 11. Nf2 Qe7+ 12. Be2 Bf5 13. Nd3 Qh4 14. Kd2 Ne4# 0-1